[Event "XV Weekend A"]
[Site "Ivrea ITA"]
[Date "2011.04.01"]
[Round "1"]
[White "Bardone, Lorenzo"]
[Black "Pane, Gabriele"]
[Result "1-0"]
[WhiteElo "1789"]
[BlackElo "1425"]
[PlyCount "69"]
[EventDate "2011.04.01"]

1. e4 e6 2. d4 d5 3. Nd2 c5 4. exd5 exd5 5. Ngf3 Nf6 6. Bb5+ Nc6 7. O-O Be7 8.
dxc5 Bxc5 9. Nb3 Qb6 10. Re1+ Be6 11. Nfd4 Kd7 12. Nxc5+ Qxc5 13. Be3 Qd6 14.
h3 a6 15. Ba4 Rac8 16. Nxc6 bxc6 17. Qd4 Rc7 18. Bf4 Qe7 19. Bxc7 Kxc7 20. Qa7+
Kd6 21. Qxe7+ Kxe7 22. Bxc6 Rc8 23. Ba4 Rc4 24. Bb3 Rd4 25. Rad1 Rxd1 26. Rxd1
Kd6 27. c4 Kc5 28. cxd5 Nxd5 29. Rc1+ Kd6 30. Kf1 Nb4 31. Bxe6 Kxe6 32. a3 Nd3
33. Rc6+ Kd7 34. Rxa6 Nxb2 35. Ke2 1-0

[Event "XV Weekend A"]
[Site "Ivrea ITA"]
[Date "2011.04.01"]
[Round "1"]
[White "Gennaro, Isabella"]
[Black "Siclari, Giovanni"]
[Result "0-1"]
[WhiteElo "1628"]
[BlackElo "1902"]
[PlyCount "56"]
[EventDate "2011.04.01"]

1. e4 c5 2. Nf3 e6 3. d4 cxd4 4. Nxd4 Nc6 5. Nb5 d6 6. N1c3 a6 7. Nd4 Nf6 8. f4
Qc7 9. Be3 Be7 10. Be2 b5 11. Bf3 Bb7 12. a3 Na5 13. Qd3 Nc4 14. b3 Nxe3 15.
Qxe3 Rc8 16. Nde2 O-O 17. O-O d5 18. b4 dxe4 19. Nxe4 Nxe4 20. Bxe4 Bxe4 21.
Qxe4 Qxc2 22. Qxc2 Rxc2 23. Nd4 Rc4 24. Ne2 Rfc8 25. Rac1 Bf6 26. Rb1 Rc2 27.
Ng3 Ra2 28. Rb3 Rcc2 0-1

[Event "XV Weekend A"]
[Site "Ivrea ITA"]
[Date "2011.04.01"]
[Round "1"]
[White "Giachino, Adriano"]
[Black "Finocchiaro, Gianluca"]
[Result "0-1"]
[WhiteElo "1707"]
[BlackElo "2132"]
[PlyCount "52"]
[EventDate "2011.04.01"]

1. e4 c5 2. Nf3 d6 3. d4 cxd4 4. Nxd4 Nf6 5. Nc3 g6 6. Be3 Bg7 7. Qd2 O-O 8.
Be2 Nc6 9. h3 Bd7 10. f4 Rc8 11. a3 Nxd4 12. Bxd4 Rxc3 13. Bxc3 Nxe4 14. Qe3
Nxc3 15. bxc3 Qa5 16. O-O Bxc3 17. Rab1 e5 18. Rxb7 Bd4 19. Qxd4 exd4 20. Rxd7
Qc5 21. Kh1 Qxc2 22. Bf3 Qc5 23. a4 Re8 24. Rb7 d3 25. Rb5 Qe3 26. Rd5 d2 0-1

[Event "XV Weekend A"]
[Site "Ivrea ITA"]
[Date "2011.04.01"]
[Round "1"]
[White "Isoardi, Luigi"]
[Black "Castaldo, Folco"]
[Result "0-1"]
[WhiteElo "1762"]
[BlackElo "2420"]
[PlyCount "112"]
[EventDate "2011.04.01"]

1. d4 f5 2. Nf3 e6 3. c4 Nf6 4. e3 b6 5. Bd3 Bb7 6. Nbd2 Bb4 7. O-O O-O 8. a3
Bxd2 9. Bxd2 d6 10. Ng5 Qe8 11. Be2 Nbd7 12. Bf3 Ne4 13. Nxe4 fxe4 14. Be2 Qg6
15. Bc3 Rf5 16. d5 h5 17. dxe6 Nc5 18. b4 Nxe6 19. Kh1 Raf8 20. Be1 R8f6 21.
Ra2 Qg5 22. Rg1 Rg6 23. Bf1 Qf6 24. g3 Ng5 25. Bg2 Nf3 26. Bxf3 Rxf3 27. Qd4
Qxd4 28. exd4 e3 29. d5 b5 30. fxe3 Rxe3 31. Bf2 Rd3 32. Bxa7 bxc4 33. Re1
Bxd5+ 34. Kg1 Re6 35. Rxe6 Bxe6 36. Kf2 c3 37. Re2 Bg4 38. Re1 c2 39. Be3 Rxa3
40. Bc1 Rb3 41. Bd2 Rf3+ 42. Kg2 Rd3 43. Bf4 Kf7 44. h3 Bd1 45. Bg5 Rc3 46.
Re7+ Kf8 47. Re1 c1=Q 48. Bxc1 Rxc1 49. Kg1 Rb1 50. b5 Bc2 51. Rxb1 Bxb1 52.
Kf2 Bd3 53. Ke3 Bxb5 54. Kd4 Ke7 55. g4 h4 56. g5 Bd7 0-1

[Event "XV Weekend A"]
[Site "Ivrea ITA"]
[Date "2011.04.01"]
[Round "1"]
[White "Listello, Massimiliano"]
[Black "Barosso, Renzo"]
[Result "1-0"]
[WhiteElo "1594"]
[BlackElo "1889"]
[PlyCount "53"]
[EventDate "2011.04.01"]

1. e4 c6 2. d4 d5 3. Nc3 Nf6 4. e5 Ng8 5. f4 Bf5 6. h3 h6 7. g4 Bh7 8. Bd3 Bxd3
9. Qxd3 e6 10. Nf3 Nd7 11. f5 c5 12. fxe6 fxe6 13. Qg6+ Ke7 14. Bg5+ hxg5 15.
Nxg5 Qe8 16. Qxe6+ Kd8 17. Nf7+ Qxf7 18. Qxf7 Ne7 19. Nxd5 Nxd5 20. Qxd5 Kc7
21. Qf7 Kc6 22. d5+ Kb6 23. Qxd7 g6 24. Qe6+ Kc7 25. Qxg6 Rd8 26. O-O-O Bh6+
27. g5 1-0

[Event "XV Weekend A"]
[Site "Ivrea ITA"]
[Date "2011.04.01"]
[Round "1"]
[White "Migliorini, Matteo"]
[Black "Bellia, Mario"]
[Result "1-0"]
[WhiteElo "1855"]
[BlackElo "1574"]
[PlyCount "33"]
[EventDate "2011.04.01"]

1. e4 c5 2. Nf3 Nc6 3. Bb5 Nd4 4. Nxd4 cxd4 5. O-O Qb6 6. Bc4 e6 7. c3 Qc6 8.
d3 b5 9. Bb3 Bc5 10. Qg4 e5 11. Bd5 Nf6 12. Bxc6 Nxg4 13. Bxa8 O-O 14. Bd5 a5
15. a3 b4 16. axb4 axb4 17. Ra5 1-0

[Event "XV Weekend A"]
[Site "Ivrea ITA"]
[Date "2011.04.01"]
[Round "1"]
[White "Moratto, Davide"]
[Black "Tricerri, Pierino"]
[Result "1-0"]
[WhiteElo "1838"]
[BlackElo "1528"]
[PlyCount "45"]
[EventDate "2011.04.01"]

1. e4 c5 2. Nc3 Nc6 3. Nf3 Nf6 4. d4 cxd4 5. Nxd4 d6 6. Be2 g6 7. Bg5 Bg7 8.
Nxc6 bxc6 9. Qd2 h6 10. Bh4 Qb6 11. O-O Qa5 12. Rfd1 Qc5 13. Bf3 Rb8 14. e5
Qxe5 15. Bxc6+ Bd7 16. Bxd7+ Nxd7 17. Re1 Qh5 18. Bxe7 Be5 19. f4 Kxe7 20. fxe5
Nxe5 21. Rad1 Rhd8 22. Nd5+ Ke6 23. Nf4+ 1-0

[Event "XV Weekend A"]
[Site "Ivrea ITA"]
[Date "2011.04.01"]
[Round "1"]
[White "Paonessa, Denis"]
[Black "Liviabella, Lucio"]
[Result "1-0"]
[WhiteElo "1892"]
[BlackElo "1627"]
[PlyCount "95"]
[EventDate "2011.04.01"]

1. d4 Nf6 2. c4 g6 3. Nc3 Bg7 4. e4 d6 5. Nf3 O-O 6. Be2 Nbd7 7. O-O e5 8. d5
Nc5 9. Nd2 Bh6 10. Qc2 Bg4 11. b4 Bxe2 12. Nxe2 Bxd2 13. Bxd2 Ncxe4 14. Bh6 Re8
15. f3 Nxd5 16. cxd5 Nf6 17. Nc3 Nh5 18. Ne4 f6 19. Rac1 Rc8 20. g4 Ng7 21. g5
Nh5 22. gxf6 Nxf6 23. Bg5 Rf8 24. Qg2 c6 25. Nxf6+ Rxf6 26. Bxf6 Qxf6 27. Qg4
Rc7 28. Qe6+ Qxe6 29. dxe6 Re7 30. f4 Rxe6 31. fxe5 Rxe5 32. Rce1 Rb5 33. a3 a5
34. Rf4 b6 35. Re6 Rd5 36. Kf2 axb4 37. axb4 Rd2+ 38. Kg3 c5 39. bxc5 bxc5 40.
h4 d5 41. Rd6 d4 42. Rd5 Rc2 43. Rf3 Rc1 44. Rd7 Rg1+ 45. Kf4 Rh1 46. Kg5 Rg1+
47. Kh6 Rh1 48. Rd8# 1-0

[Event "XV Weekend A"]
[Site "Ivrea ITA"]
[Date "2011.04.01"]
[Round "1"]
[White "Piazza, Giacomo"]
[Black "Di Chiara, Mauro"]
[Result "0-1"]
[WhiteElo "1671"]
[BlackElo "1961"]
[PlyCount "110"]
[EventDate "2011.04.01"]

1. Nf3 d6 2. e3 g6 3. c3 Bg7 4. d4 Nf6 5. Bd3 O-O 6. O-O Nc6 7. Re1 e5 8. dxe5
dxe5 9. e4 Bg4 10. h3 Bxf3 11. Qxf3 Qd6 12. Bc2 Rad8 13. Be3 Nh5 14. Nd2 Nf4
15. Nc4 Qe6 16. Bb3 Qf6 17. Rad1 Nd3 18. Qxf6 Bxf6 19. Re2 b5 20. Nd2 Nxb2 21.
Rb1 Nd3 22. g3 a6 23. h4 Na5 24. Bg5 Bxg5 25. hxg5 Nxb3 26. Nxb3 c5 27. Na5 c4
28. a3 f6 29. gxf6 Rxf6 30. Rd1 Rdf8 31. Rf1 Rf3 32. Kg2 R8f6 33. Kg1 h5 34. a4
g5 35. axb5 axb5 36. Ra2 Nc5 37. Rb2 Nxe4 38. Rxb5 Nxg3 39. Rb8+ Kg7 40. Re1
Rxf2 41. Rxe5 Ne2+ 42. Rxe2 Rxe2 43. Rb7+ Kg6 44. Nxc4 Ra6 45. Kf1 Rc2 46. Rb1
h4 47. Ne5+ Kf5 48. Nd3 Ra5 49. Rb3 Ra1+ 50. Ne1 Rcc1 51. Rb5+ Kg4 52. Rb4+ Kg3
53. Re4 Rxe1+ 54. Rxe1 Rxe1+ 55. Kxe1 h3 0-1

[Event "XV Weekend A"]
[Site "Ivrea ITA"]
[Date "2011.04.01"]
[Round "1"]
[White "Puleo, Marco"]
[Black "D'Amato, Piergiorgio"]
[Result "0-1"]
[WhiteElo "1550"]
[BlackElo "1849"]
[PlyCount "46"]
[EventDate "2011.04.01"]

1. d4 e6 2. c4 f5 3. Nc3 Nf6 4. Nf3 Bb4 5. Bd2 O-O 6. a3 Bxc3 7. Bxc3 d6 8. e3
b6 9. Bd3 Bb7 10. O-O Ne4 11. Bxe4 Bxe4 12. Nd2 Bb7 13. Re1 Rf6 14. e4 Rg6 15.
d5 Qg5 16. Qf3 f4 17. Qh3 e5 18. Nf3 Qd8 19. g3 Bc8 20. Qg2 Rh6 21. Kh1 Bh3 22.
Qg1 Qf6 23. Nd2 f3 0-1

[Event "XV Weekend A"]
[Site "Ivrea ITA"]
[Date "2011.04.01"]
[Round "1"]
[White "Ranieri, Fabrizio"]
[Black "Moschetto, Giuliano"]
[Result "1-0"]
[WhiteElo "2283"]
[BlackElo "1744"]
[PlyCount "67"]
[EventDate "2011.04.01"]

1. e4 c5 2. Nf3 Nc6 3. d4 cxd4 4. Nxd4 Nxd4 5. Qxd4 Qc7 6. Nc3 d6 7. Bb5+ Bd7
8. Bxd7+ Qxd7 9. O-O e6 10. Bg5 Ne7 11. Bxe7 Qxe7 12. f4 Qc7 13. Nb5 Qc6 14.
Qd3 a6 15. Nd4 Qb6 16. Kh1 Be7 17. f5 e5 18. Ne2 Rc8 19. c4 O-O 20. b3 Rfd8 21.
Nc3 Qd4 22. Qxd4 exd4 23. Nd5 Re8 24. Rfd1 Bf8 25. Rxd4 Re5 26. a4 Rce8 27. Nc3
g6 28. g4 gxf5 29. gxf5 f6 30. Kg2 Rc8 31. Kf3 Rec5 32. Rd2 Kf7 33. Rg1 Bh6 34.
Rxd6 1-0

[Event "XV Weekend A"]
[Site "Ivrea ITA"]
[Date "2011.04.01"]
[Round "1"]
[White "Razzano, Lorenzo"]
[Black "Castaldo, Antonio"]
[Result "1-0"]
[WhiteElo "1931"]
[BlackElo "1669"]
[PlyCount "61"]
[EventDate "2011.04.01"]

1. Nf3 Nf6 2. c4 d6 3. g3 g6 4. b4 Bg7 5. Bb2 O-O 6. Bg2 Nc6 7. a3 e5 8. d3 Bd7
9. O-O a6 10. h3 Nh5 11. Qd2 f5 12. Nc3 Nf6 13. Kh2 Rb8 14. e3 Kh8 15. Ng1 Qe7
16. f4 e4 17. dxe4 fxe4 18. Nd5 Nxd5 19. cxd5 Na7 20. Rac1 Bb5 21. Rfd1 Bd3 22.
Ne2 Bxe2 23. Qxe2 Nc8 24. Bxg7+ Kxg7 25. Qc2 Rf7 26. Qxe4 Qd7 27. Qd4+ Kg8 28.
Bf3 Qa4 29. Bg4 Rg7 30. Be6+ Kh8 31. Rxc7 1-0

[Event "XV Weekend A"]
[Site "Ivrea ITA"]
[Date "2011.04.01"]
[Round "1"]
[White "Siclari, Alberto"]
[Black "Zannoni, Gianni"]
[Result "0-1"]
[WhiteElo "1524"]
[BlackElo "1815"]
[PlyCount "80"]
[EventDate "2011.04.01"]

1. f4 Nf6 2. Nf3 g6 3. g3 Bg7 4. Bg2 c6 5. d3 d5 6. O-O O-O 7. c3 Re8 8. Na3
Nbd7 9. Ne5 Nf8 10. Nb1 N6d7 11. d4 f6 12. Nd3 e5 13. fxe5 fxe5 14. dxe5 Nxe5
15. e4 Bg4 16. Qc2 Qb6+ 17. Nf2 dxe4 18. Bxe4 Rad8 19. Bf4 Rd7 20. Nd2 Rde7 21.
Kh1 Bc8 22. Nf3 Nxf3 23. Bxf3 Bf5 24. Qc1 Nd7 25. Qd2 Ne5 26. Bd1 Nc4 27. Bb3
Be6 28. Qc1 Bd5+ 29. Kg1 Ne3 30. Bxd5+ Nxd5 31. Rd1 Nxf4 32. Qxf4 Rf7 33. Qd2
Bh6 34. Qc2 Ref8 35. Rf1 Be3 36. Qe4 Bxf2+ 37. Kg2 Qe3 38. Qc4 Qf3+ 39. Kh3 Qd5
40. Qe2 Rf5 0-1

[Event "XV Weekend A"]
[Site "Ivrea ITA"]
[Date "2011.04.01"]
[Round "1"]
[White "Zunino, Davide"]
[Black "Bosticardo, Tommaso"]
[Result "1/2-1/2"]
[WhiteElo "1990"]
[BlackElo "1687"]
[PlyCount "123"]
[EventDate "2011.04.01"]

1. d4 d5 2. Bf4 Nf6 3. e3 c5 4. c3 Qb6 5. Qb3 Nc6 6. Qxb6 axb6 7. Bd3 e6 8. h3
Be7 9. Nd2 c4 10. Bc2 b5 11. Ngf3 b4 12. O-O bxc3 13. bxc3 O-O 14. a4 Bd7 15.
Rab1 Ra7 16. g4 Rfa8 17. Rb2 Nd8 18. Bc7 b5 19. Bb6 Ra6 20. Bxd8 Bxd8 21. g5
Nh5 22. Ne5 Be8 23. f4 bxa4 24. Rfb1 a3 25. Ra2 f6 26. Nef3 Ra5 27. Kf2 Be7 28.
Rb7 R5a7 29. Rb6 Bd7 30. Bd1 Bd8 31. Rb1 Be8 32. gxf6 gxf6 33. Ng1 Ng7 34. Bf3
Bc6 35. Ne2 Rb7 36. Rxb7 Bxb7 37. Nxc4 Be7 38. Nd2 Rb8 39. c4 Bc6 40. c5 Rb2
41. Nc3 Bd8 42. Ke2 Ba5 43. Rxb2 axb2 44. Ndb1 Nf5 45. Bg4 Ng7 46. Kd2 Ba4 47.
Kd3 Bb3 48. Nd1 h5 49. Bf3 Bc4+ 50. Kc2 Bf1 51. h4 Nf5 52. Kxb2 Nxh4 53. Bxh5
Nf5 54. Ndc3 Ng3 55. Bg4 Kf7 56. Ka3 Ke7 57. Ka4 Bd8 58. Nb5 f5 59. Bf3 Bd3 60.
c6 Bxb5+ 61. Kxb5 Kd6 62. Bd1 1/2-1/2

[Event "XV Weekend A"]
[Site "Ivrea ITA"]
[Date "2011.04.02"]
[Round "2"]
[White "Arruzza, Francesco"]
[Black "Paonessa, Denis"]
[Result "1/2-1/2"]
[WhiteElo "1802"]
[BlackElo "1892"]
[PlyCount "36"]
[EventDate "2011.04.01"]

1. e4 e5 2. Nf3 Nc6 3. Nc3 Nf6 4. d4 exd4 5. Nxd4 Bb4 6. Nxc6 bxc6 7. Bd3 O-O
8. O-O d5 9. exd5 cxd5 10. Bg5 c6 11. Qf3 Be6 12. Ne2 c5 13. c3 Ba5 14. Ng3 h6
15. Bxf6 Qxf6 16. Qxf6 gxf6 17. Nf5 Bxf5 18. Bxf5 Rab8 1/2-1/2

[Event "XV Weekend A"]
[Site "Ivrea ITA"]
[Date "2011.04.02"]
[Round "2"]
[White "Barosso, Renzo"]
[Black "Bellafiore, Enzo"]
[Result "1/2-1/2"]
[WhiteElo "1889"]
[BlackElo "1807"]
[PlyCount "76"]
[EventDate "2011.04.01"]

1. d4 e6 2. c4 d5 3. Nf3 Nf6 4. Nc3 a6 5. e3 Be7 6. c5 Bd7 7. Bd3 Bc6 8. O-O
Nbd7 9. b4 Ne4 10. Bb2 Nxc3 11. Bxc3 Nf6 12. Ne5 Bd7 13. a4 c6 14. Qe2 O-O 15.
Rfb1 Qc7 16. h3 h6 17. b5 axb5 18. axb5 cxb5 19. Bxb5 Bxb5 20. Qxb5 Rxa1 21.
Rxa1 Rb8 22. Ra7 Qc8 23. Ba5 Kf8 24. Qb6 Ne8 25. Qb5 Nf6 26. Bd2 Bd8 27. Ra2
Bc7 28. f4 Bxe5 29. fxe5 Ne4 30. Be1 Qd8 31. Rb2 Qc8 32. Ba5 Ra8 33. Bb4 Kg8
34. Kh2 Qd8 35. Be1 Ra1 36. Rb1 Rxb1 37. Qxb1 Qg5 38. Qb3 Qe7 1/2-1/2

[Event "XV Weekend A"]
[Site "Ivrea ITA"]
[Date "2011.04.02"]
[Round "2"]
[White "Bellia, Mario"]
[Black "Giachino, Adriano"]
[Result "0-1"]
[WhiteElo "1574"]
[BlackElo "1707"]
[PlyCount "52"]
[EventDate "2011.04.01"]

1. Nf3 d5 2. b3 Nf6 3. Bb2 c5 4. d3 Nc6 5. Nbd2 g6 6. g3 Bg7 7. Bg2 Bd7 8. O-O
Qc8 9. e4 d4 10. Nc4 Bg4 11. c3 h5 12. Qe1 h4 13. Nce5 Nxe5 14. Nxe5 Bh3 15. f4
Bxg2 16. Kxg2 Nh5 17. cxd4 hxg3 18. f5 cxd4 19. Rc1 Qb8 20. Nxf7 Kxf7 21. fxg6+
Ke8 22. Rf7 Nf4+ 23. Rxf4 Qxf4 24. Qxg3 Qd2+ 25. Qf2 Rxh2+ 26. Kxh2 Qxf2+ 0-1

[Event "XV Weekend A"]
[Site "Ivrea ITA"]
[Date "2011.04.02"]
[Round "2"]
[White "Bosticardo, Tommaso"]
[Black "Listello, Massimiliano"]
[Result "1/2-1/2"]
[WhiteElo "1687"]
[BlackElo "1594"]
[PlyCount "35"]
[EventDate "2011.04.01"]

1. d4 Nf6 2. c4 g6 3. Nc3 Bg7 4. e4 d6 5. f3 O-O 6. Be3 Nc6 7. Qd2 e5 8. Nge2
exd4 9. Nxd4 Ne5 10. Be2 Be6 11. Nxe6 fxe6 12. O-O Qd7 13. Rad1 Qc6 14. b3 a6
15. Bf2 Nh5 16. Be3 Nf6 17. Bf2 Nh5 18. Be3 1/2-1/2

[Event "XV Weekend A"]
[Site "Ivrea ITA"]
[Date "2011.04.02"]
[Round "2"]
[White "D'Amato, Piergiorgio"]
[Black "Ranieri, Fabrizio"]
[Result "0-1"]
[WhiteElo "1849"]
[BlackElo "2283"]
[PlyCount "52"]
[EventDate "2011.04.01"]

1. e4 e6 2. Nc3 d5 3. Nf3 Nf6 4. e5 Nfd7 5. d4 c5 6. dxc5 Bxc5 7. Bf4 Nc6 8.
Bd3 f5 9. exf6 Nxf6 10. Qe2 Bb4 11. O-O O-O 12. Bg3 Bd7 13. Nb5 Nh5 14. c3 Nxg3
15. hxg3 Bc5 16. Qc2 h6 17. Nh4 Ne7 18. Rae1 Qb6 19. a4 Bxb5 20. axb5 Qd6 21.
Nf3 Rxf3 22. gxf3 Qxg3+ 23. Kh1 Qxf3+ 24. Kg1 Qg4+ 25. Kh1 Qh3+ 26. Kg1 Bd6 0-1

[Event "XV Weekend A"]
[Site "Ivrea ITA"]
[Date "2011.04.02"]
[Round "2"]
[White "Finocchiaro, Gianluca"]
[Black "Moratto, Davide"]
[Result "1-0"]
[WhiteElo "2132"]
[BlackElo "1838"]
[PlyCount "73"]
[EventDate "2011.04.01"]

1. e4 g6 2. d4 Bg7 3. Nc3 c6 4. Bc4 b5 5. Bb3 a5 6. a4 b4 7. Nce2 Ba6 8. Nf3 d5
9. e5 e6 10. O-O Nh6 11. Bg5 Qb6 12. c3 Nf5 13. Bc2 h6 14. Bf4 g5 15. Be3 Nxe3
16. fxe3 O-O 17. Rf2 Nd7 18. Ng3 f5 19. exf6 Nxf6 20. Ne5 Qc7 21. cxb4 axb4 22.
Rc1 Ne4 23. Rxf8+ Rxf8 24. Nxe4 Bxe5 25. Qh5 Bxd4 26. exd4 dxe4 27. Qg6+ Qg7
28. Qxe6+ Kh8 29. Qxe4 Qf7 30. h3 Qf2+ 31. Kh1 Qf7 32. Qxc6 Bc8 33. Qxh6+ Kg8
34. Qxg5+ Kh8 35. Re1 Qg7 36. Qxg7+ Kxg7 37. Re7+ 1-0

[Event "XV Weekend A"]
[Site "Ivrea ITA"]
[Date "2011.04.02"]
[Round "2"]
[White "Liviabella, Lucio"]
[Black "Isoardi, Luigi"]
[Result "0-1"]
[WhiteElo "1627"]
[BlackElo "1762"]
[PlyCount "164"]
[EventDate "2011.04.01"]

1. e4 c6 2. Bc4 d5 3. exd5 cxd5 4. Bb3 Nf6 5. d3 e6 6. Nf3 Bd6 7. Bg5 Qa5+ 8.
Nbd2 Nbd7 9. Qe2 O-O 10. O-O Qc7 11. Ba4 a6 12. Bxd7 Nxd7 13. c3 b5 14. d4 Bb7
15. g3 h6 16. Be3 Rfe8 17. Nh4 e5 18. Nf5 exd4 19. Qg4 g6 20. cxd4 Nf6 21.
Nxh6+ Kf8 22. Qf3 Ne4 23. Nxe4 dxe4 24. Qf6 Re6 25. Qh8+ Ke7 26. Qh7 Rf8 27.
Rac1 Qb8 28. Rc2 Qe8 29. Rfc1 Kd8 30. Bg5+ Kd7 31. Bf4 Bxf4 32. gxf4 Rc6 33.
Ng4 Rxc2 34. Rxc2 Qe6 35. Ne5+ Kd6 36. Qg7 Qe7 37. Qh6 Rc8 38. Rxc8 Bxc8 39.
Qg7 Be6 40. Qg8 Bxa2 41. Qc8 Qa7 42. Qd8+ Ke6 43. Qc8+ Kf6 44. Nd7+ Ke7 45. Nc5
Be6 46. Qxa6 Qxa6 47. Nxa6 Kd6 48. Nb4 f6 49. Kf1 Bc4+ 50. Ke1 Ke6 51. Kd2 f5
52. Ke3 Kd6 53. Nc2 Bb3 54. Ne1 Kd5 55. Ng2 Bd1 56. Kd2 Bf3 57. Nh4 Bh5 58. Kc3
b4+ 59. Kxb4 Kxd4 60. Ka5 Kd3 61. b4 Ke2 62. b5 Kxf2 63. b6 e3 64. b7 e2 65.
b8=Q e1=Q+ 66. Qb4 Qxb4+ 67. Kxb4 Ke3 68. Ng2+ Kf3 69. Ne1+ Kxf4 70. Kc3 Ke3
71. Nd3 f4 72. Ne1 f3 73. Nc2+ Kf2 74. Kd3 Kg2 75. Ne1+ Kxh2 76. Ke3 Kg3 77.
Nd3 g5 78. Nf2 g4 79. Nh1+ Kg2 80. Nf2 g3 81. Nd1 f2 82. Kd3 Bxd1 0-1

[Event "XV Weekend A"]
[Site "Ivrea ITA"]
[Date "2011.04.02"]
[Round "2"]
[White "Moschetto, Giuliano"]
[Black "Gennaro, Isabella"]
[Result "1-0"]
[WhiteElo "1744"]
[BlackElo "1628"]
[PlyCount "79"]
[EventDate "2011.04.01"]

1. c4 e5 2. Nc3 Nf6 3. g3 Bc5 4. Bg2 Nc6 5. Nf3 d5 6. cxd5 Nxd5 7. O-O Be6 8.
b3 O-O 9. Bb2 f6 10. d3 Qd7 11. Rc1 Bb6 12. Nd2 Rad8 13. Nce4 Rf7 14. Nc4 Bd4
15. Bxd4 Nxd4 16. Nc5 Qc8 17. Nxe6 Qxe6 18. e3 Nb5 19. Qd2 c6 20. Rfd1 Rfd7 21.
Bf1 Qe7 22. Bh3 Rc7 23. Bf1 Nb4 24. Qb2 Rd5 25. a3 Na6 26. b4 Rcd7 27. Qb3 Kf8
28. Bg2 e4 29. Bxe4 Rh5 30. Bf3 Rh6 31. h4 Nac7 32. d4 Ne6 33. d5 cxd5 34. Rxd5
Rxd5 35. Bxd5 Rh5 36. Bf3 Rf5 37. Bg4 Rd5 38. Na5 Rd6 39. a4 b6 40. Nc4 1-0

[Event "XV Weekend A"]
[Site "Ivrea ITA"]
[Date "2011.04.02"]
[Round "2"]
[White "Siclari, Giovanni"]
[Black "Bardone, Lorenzo"]
[Result "1/2-1/2"]
[WhiteElo "1902"]
[BlackElo "1789"]
[PlyCount "54"]
[EventDate "2011.04.01"]

1. f4 g6 2. Nf3 Bg7 3. d3 Nc6 4. g3 d6 5. Bg2 e5 6. Nc3 Nf6 7. e4 O-O 8. O-O
Be6 9. f5 gxf5 10. exf5 Bxf5 11. Bg5 Qd7 12. Nh4 Bg4 13. Bf3 Nd4 14. Ne4 Nxf3+
15. Rxf3 Nxe4 16. dxe4 f6 17. Be3 d5 18. Qxd5+ Qxd5 19. exd5 Bxf3 20. Nxf3 Rad8
21. c4 a6 22. Rd1 Rf7 23. Nh4 Rfd7 24. Nf5 Kf7 25. g4 Kg6 26. Kg2 Bf8 27. Kf3
b6 1/2-1/2

[Event "XV Weekend A"]
[Site "Ivrea ITA"]
[Date "2011.04.02"]
[Round "2"]
[White "Tricerri, Pierino"]
[Black "Piazza, Giacomo"]
[Result "0-1"]
[WhiteElo "1528"]
[BlackElo "1671"]
[PlyCount "124"]
[EventDate "2011.04.01"]

1. d4 Nf6 2. c4 e6 3. Nc3 Bb4 4. Qc2 O-O 5. Bg5 Nc6 6. O-O-O Bxc3 7. Qxc3 Ne4
8. Bxd8 Nxc3 9. bxc3 Rxd8 10. e4 b6 11. Nf3 Ba6 12. Bd3 Na5 13. Nd2 d5 14. h4
dxc4 15. Bc2 b5 16. a3 Nb7 17. g4 c5 18. Nf3 cxd4 19. Nxd4 Nc5 20. e5 Bb7 21.
Rhe1 a6 22. f4 Bd5 23. f5 Nb3+ 24. Kb2 Nxd4 25. Rxd4 Rab8 26. g5 a5 27. g6 hxg6
28. fxg6 fxg6 29. Bxg6 b4 30. a4 bxc3+ 31. Kxc3 Rb3+ 32. Kc2 Rdb8 33. Rdd1 Rb2+
34. Kc1 Rg2 35. h5 Rb4 36. Bc2 c3 37. Re3 Rxc2+ 38. Kxc2 Bb3+ 39. Kc1 Bxd1 40.
Kxd1 Rxa4 41. Rxc3 Rd4+ 42. Kc2 Kh7 43. Rc6 Rh4 44. Rxe6 Rxh5 45. Kb3 Rh4 46.
Ra6 Rb4+ 47. Kc3 Rb5 48. e6 Kg6 49. Kc4 Rg5 50. Kd4 Kf6 51. Ke4 g6 52. Kd4 Ke7
53. Kc4 Rf5 54. Ra7+ Kxe6 55. Rg7 Kf6 56. Rh7 Kg5 57. Rh1 Kf6 58. Rb1 g5 59.
Rb6+ Ke5 60. Rb8 g4 61. Rg8 Kf4 62. Kd3 Kg3 0-1

[Event "XV Weekend A"]
[Site "Ivrea ITA"]
[Date "2011.04.02"]
[Round "2"]
[White "Zannoni, Gianni"]
[Black "Razzano, Lorenzo"]
[Result "1-0"]
[WhiteElo "1815"]
[BlackElo "1931"]
[PlyCount "106"]
[EventDate "2011.04.01"]

1. Nf3 Nf6 2. g3 b6 3. Bg2 Bb7 4. O-O e6 5. d3 Be7 6. e4 d6 7. b3 c5 8. Bb2 Qc7
9. e5 dxe5 10. Bxe5 Qd7 11. Nbd2 Nc6 12. Nc4 b5 13. Ncd2 O-O 14. Bb2 Rfd8 15.
Qe2 Rac8 16. Rfd1 Nd4 17. Nxd4 cxd4 18. Rac1 Bxg2 19. Kxg2 Qd5+ 20. Ne4 Qb7 21.
c3 dxc3 22. Rxc3 Rxc3 23. Bxc3 Nxe4 24. dxe4 Rxd1 25. Qxd1 Qxe4+ 26. f3 Qc6 27.
Qd2 Qd6 28. Qe3 a6 29. Qe2 h5 30. h4 Qd5 31. Qb2 f6 32. a4 Kf7 33. axb5 axb5
34. Qc2 g6 35. Be1 Qd7 36. Bf2 e5 37. Be3 f5 38. Bc5 Qc6 39. b4 Bxc5 40. bxc5
Ke7 41. Qc3 Qd5 42. Qb4 Qc4 43. Qa3 b4 44. Qa7+ Ke6 45. Qb6+ Kf7 46. Qc7+ Kf6
47. Qd6+ Qe6 48. Qf8+ Qf7 49. Qh8+ Ke6 50. Qb8 Qd7 51. Qb6+ Kf7 52. Qxb4 Qc6
53. Qb6 Qd7 1-0

[Event "XV Weekend A"]
[Site "Ivrea ITA"]
[Date "2011.04.02"]
[Round "3"]
[White "Bellafiore, Enzo"]
[Black "Castaldo, Antonio"]
[Result "1-0"]
[WhiteElo "1807"]
[BlackElo "1669"]
[PlyCount "75"]
[EventDate "2011.04.01"]

1. d4 Nf6 2. Bf4 g6 3. Nf3 Bg7 4. h3 d6 5. e3 Nc6 6. c3 O-O 7. Bd3 Re8 8. O-O
e5 9. Bh2 e4 10. d5 exf3 11. dxc6 fxg2 12. Re1 bxc6 13. Qf3 Qd7 14. Qxg2 Nd5
15. Nd2 Qxh3 16. Qxh3 Bxh3 17. Nf3 Nxc3 18. Rec1 Bg4 19. Kg2 Na4 20. Rxc6 Nxb2
21. Be2 Re7 22. Rac1 Bf8 23. R1c2 Na4 24. R2c4 Bxf3+ 25. Bxf3 Nc5 26. R6xc5
dxc5 27. Bxa8 Rd7 28. Bc6 Rd2 29. Bxc7 Rxa2 30. Bd5 a5 31. Rf4 Rd2 32. Bxf7+
Kg7 33. Bxa5 Rd3 34. Bc4 Ra3 35. Bc7 Ra8 36. Rf7+ Kg8 37. Be5 Ra4 38. Rg7+ 1-0

[Event "XV Weekend A"]
[Site "Ivrea ITA"]
[Date "2011.04.02"]
[Round "3"]
[White "Di Chiara, Mauro"]
[Black "Isoardi, Luigi"]
[Result "1/2-1/2"]
[WhiteElo "1961"]
[BlackElo "1762"]
[PlyCount "123"]
[EventDate "2011.04.01"]

1. Nf3 c6 2. g3 d5 3. Bg2 Bf5 4. O-O e6 5. c4 Nf6 6. d4 Be7 7. Nc3 O-O 8. Qb3
Qb6 9. c5 Qxb3 10. axb3 Ne4 11. Bf4 Nd7 12. Ne5 Nxc3 13. bxc3 Nf6 14. f3 h6 15.
Rfe1 g5 16. Bd2 Kg7 17. e4 Bg6 18. c4 Rfd8 19. cxd5 cxd5 20. Nxg6 Kxg6 21. e5
Nh5 22. Bf1 Kh7 23. Bd3+ Kg8 24. Kh1 Ng7 25. g4 f6 26. f4 fxe5 27. fxe5 Rf8 28.
Kg2 a6 29. Bg6 Ne8 30. Rf1 Nc7 31. Bd3 Rxf1 32. Rxf1 Nb5 33. Be3 Nc3 34. Bg6
Rf8 35. Rxf8+ Kxf8 36. Kf3 Nb5 37. Bd3 Nc7 38. h4 Kg7 39. hxg5 Bxg5 40. Bf2 Bd2
41. Ke2 Bc1 42. Kd1 Bg5 43. Kc2 Kf7 44. Kc3 Ke7 45. Be1 Kd7 46. Kb4 Be3 47. Bc3
Kc6 48. Ka5 Nb5 49. Bxb5+ axb5 50. Kb4 b6 51. cxb6 Kxb6 52. Ka3 Kc6 53. Kb2 Bg5
54. Kc2 Kd7 55. Bd2 Bxd2 56. Kxd2 b4 57. Ke3 Ke7 58. Kf4 Kf7 59. Kg3 Kg7 60.
Kh3 Kh7 61. Kh4 Kg6 62. Kg3 1/2-1/2

[Event "XV Weekend A"]
[Site "Ivrea ITA"]
[Date "2011.04.02"]
[Round "3"]
[White "Finocchiaro, Gianluca"]
[Black "Castaldo, Folco"]
[Result "1/2-1/2"]
[WhiteElo "2132"]
[BlackElo "2420"]
[PlyCount "36"]
[EventDate "2011.04.01"]

1. d4 f5 2. Bg5 h6 3. Bh4 g5 4. Bg3 Bg7 5. e3 d6 6. Qh5+ Kf8 7. Bd3 Nf6 8. Qf3
Nc6 9. Nc3 e5 10. dxe5 dxe5 11. O-O-O Qe7 12. Bb5 e4 13. Qe2 Be6 14. f3 Kf7 15.
fxe4 fxe4 16. Bc4 Kg6 17. Bxe6 Qxe6 18. h4 a6 1/2-1/2